MDQL
is popping MORE tags! Check the
thread
!
Quizzes
Events
Quiz Creation
Community
Videos
Private Events
Remove Ads
Sign In
Join for FREE
Feedback
Dark Mode
Quiz Categories
Sports
Geography
Music
Movies
Television
Just For Fun
Miscellaneous
History
Literature
Language
Science
Gaming
Entertainment
Religion
Holiday
For Kids
Quiz Lab
Recent
Popular Today
Quiz Kudos Today
Editor Picks
Curator Picks
Quizzes by...
Day
Popularity
Type
Ratings
Length
Year
Community
Subscriptions
Recent Discussions
Orange Saloon
Badges
Playlists
Quests
Create
Leaderboards
Showdown
Live 5
Trivia Bingo
Activity
Puzzle Library
Sporcle Events
Private Events
Virtual Trivia
Globe League
Become a Host
Pub Owners
SporcleCon
Opinionation
Our Games
Videos
Blog
Mobile Apps
Partnerships
Remove Ads and Go Orange
Feedback
Television
TV Characters
TV Show
Sitcom
Network
Friends
Reality Shows
Cast
South Park
Star Trek
The Simpsons
Doctor Who
Television
TV Characters
TV Show
Sitcom
Network
Friends
Reality Shows
Cast
South Park
Star Trek
The Simpsons
Doctor Who
Random Quiz
Search Sporcle
×
Quiz Lab
Quiz Lab
Television
Clickable
Select answers by clicking on text or image buttons
Select answers by clicking on text or image buttons
Clickable
Best Score? Go Orange.
One Piece Characters by Birthdate Stats
Can you pick the One Piece Characters by their Birthdate?
By
Cyndyr
12m
105 Questions
155 Plays
155 Plays
155 Plays
Comments
Comments
Give Quiz Kudos
Give Quiz Kudos
-
- Ratings
hide this ad
More Info
Forced Order
Answers have to be entered in order
Answers have to be entered in order
Replay
Link that replays current quiz
Next Quiz
Link to next quiz in quiz playlist
You Got
0%
They Got
Avg Score
9%
Avg Friend Score
Upgrade to see
Score Distribution
Jump to the score distribution portion of the page
Score
0/105
Timer
12:00
0
Plays Today
% Correct
April 1
44.8%
December 24
40.9%
May 5
39%
January 1
37.7%
July 3
23.4%
November 11
23.4%
November 11
22.1%
March 2
22.1%
April 3
18.8%
March 9
18.2%
August 8
18.2%
March 9
18.2%
October 6
18.2%
March 9
16.9%
December 31
16.9%
April 3
15.6%
February 6
14.9%
March 20
14.9%
February 6
13.6%
April 2
13%
October 6
12.3%
May 13
11.7%
April 23
11%
April 4
11%
April 13
10.4%
May 13
10.4%
April 6
10.4%
April 22
9.7%
April 29
9.7%
October 5
9.7%
February 6
9.1%
August 8
9.1%
May 2
9.1%
June 10
9.1%
October 23
9.1%
% Correct
May 9
9.1%
July 8
9.1%
January 3
9.1%
October 5
8.4%
April 20
8.4%
January 10
8.4%
August 1
8.4%
April 4
8.4%
May 2
7.8%
October 5
7.8%
April 23
7.8%
June 10
7.8%
November 19
7.1%
May 3
7.1%
March 14
7.1%
June 2
7.1%
November 23
7.1%
March 14
6.5%
August 18
6.5%
May 6
6.5%
August 7
6.5%
March 11
6.5%
April 28
6.5%
September 5
6.5%
February 2
6.5%
April 9
6.5%
September 21
5.8%
January 17
5.8%
September 16
5.2%
September 5
5.2%
March 24
5.2%
June 2
5.2%
January 7
5.2%
September 9
5.2%
January 9
4.5%
% Correct
January 6
4.5%
September 1
4.5%
March 19
4.5%
October 9
4.5%
July 6
3.9%
March 3
3.9%
August 3
3.9%
May 20
3.9%
February 22
3.9%
February 8
3.9%
December 30
3.9%
September 1
3.9%
September 2
3.9%
August 27
3.9%
July 16
3.2%
September 19
3.2%
August 7
3.2%
February 9
3.2%
December 22
3.2%
May 1
3.2%
May 25
3.2%
June 5
3.2%
March 6
3.2%
June 7
3.2%
January 8
3.2%
August 9
2.6%
October 8
2.6%
November 16
2.6%
March 16
2.6%
August 28
2.6%
August 2
1.9%
March 4
1.9%
Feruary 20
1.9%
December 19
1.3%
March 8
0.6%
Quiz Playlist
Details
Report
Send in Message
Add To Playlist
More Info:
If you need a little help, here's a link to help you out: http://onepiece.wikia.com/wiki/User:Yatanogarasu/Age,_Height,_and_Birthday
Clickable:
Select answers by clicking on text or image buttons
Forced Order:
Answers have to be entered in order
Quiz Source
Last Updated: Feb 16, 2017
Quiz Scoreboard
CHALLENGE
Sign Up to Join the Scoreboard
Show All
Scores
Hide
Comments
May contain spoilers
Recently Published
Find the 'City' Movie
by crazypaving
Movies
60s
5x2 Blitz: Bands
by SL_Kpop136
Music
30s
Colored Red Africa Blitz
by spor1
Geography
30s
More to Explore
Quiz From the Vault
Featured Blog Post
14 Easter Pick-up Lines to Find Eggs With
hide this ad
You Might Also Like...
Tags
Clickable Quiz
Character
One Piece
piece
Today's Top Quizzes in Television
Browse Television
hide this ad
Today's Top Quizzes in Clickable
Browse Clickable
Top Contributed Quizzes in Television
1
Survivor Journey Challenge
2
Brooklyn Nine Nine Logic Puzzle (How-To-Play)
3
Phoebe Buffay Quotes
4
One Tree Hill Logic Puzzle
5
Survivor Logic Puzzle: Heroes vs. Villains
6
Survivor Trivia
7
Game of Thrones: Tywin Lannister Start to Finish
8
All US Survivor Seasons in Order
9
Emmerdale Characters (from August 2012)
10
Survivor Trivia #6: Criteria Quiz!
Explore More
Trending Topics
Kpop
Anime
Marvel
Disney
Harry Potter
NBA
Crossword
Puzzle
Pokémon
WWE
NFL
Song
Soccer
The Office
Country
hide this ad
More By:
Cyndyr
Quiz
Plays
Rating
Category
Featured
Created
Chrono Cross and Chrono Trigger Characters By Picture
188
4.20
Gaming
Feb 24, 2013
One Piece Characters by Birthdate
155
5.00
Television
Apr 6, 2014
Final Fantasy Guys By Picture
135
3.20
Gaming
Feb 3, 2014
Luigi's Mansion Portrait Ghosts
135
Gaming
Mar 15, 2013
Go to Creator's Profile
Score Distribution
Quiz Creator Spotlight
Cyndyr
Follow
Send a Message
Quizzes Created
-
Created Quiz Play Count
-
More By This Creator
Popular Quizzes Today
1
Colored Red Africa Blitz
2
Find the 'City' Movie
3
5x2 Blitz: Bands
4
Find the US States - No Outlines Minefield
5
The Countries of the World
6
Find the US States
7
9x9 Crossword: Cartoon Network
8
US States
More Television Quizzes
Classic TV Show Spinoffs
Published
Trending Quizzes
Colored Red Europe Blitz I
Colored Red Africa Blitz II
Colored Red Africa Blitz III
Colored Red Europe Blitz III
Colored Red Europe Blitz II
Recently Updated
Champions League XIs: Real Madrid
pecheneg
Largest US Cities 1790-2010
pecheneg
Rides in Walt Disney World
pecheneg
Most Oscar Losses (Acting)
pecheneg
Beyoncé Albums
pecheneg
Leaping Animals
pecheneg
Reality TV Shows (A-Z)
bhenderson79
Rickey Henderson's Hall of Fame Teammates
pecheneg
Champions League XIs: Arsenal
pecheneg
Quick Pick: Celebrities in WWE's Hall of Fame
aduchscher
Trending Topics
NBA
Anime
Crossword
Kpop
Harry Potter
Disney
Marvel
WWE
NFL
Pokémon
Soccer
Country
The Office
Puzzle
Song
Your Account Isn't Verified!
In order to create a playlist on Sporcle, you need to verify the email address you used during registration. Go to your
Sporcle Settings
to finish the process.
Report this User
Report this user for behavior that violates our
Community Guidelines
.
Details:
Send Report
Go to the Sporcle.com Mobile Site →
Comments